| 000 | 00780nam a2200241 i 4500 | ||
|---|---|---|---|
| 001 | 103825 | ||
| 003 | ES-MaACL | ||
| 005 | 20260209164646.0 | ||
| 007 | t| | ||
| 008 | 051118s1968 sp ||||1| spa d | ||
| 100 | 1 |
_aMestre, Tomás. _980702 |
|
| 245 | 1 | 0 |
_aÁfrica como conflicto _b: las relacciones interafricanas / _cTómas Mestre Vives. |
| 260 |
_aMadrid : _bCuadernos para el Diálogo, _c1968. |
||
| 300 |
_a571 p., 1 map. pleg. ; _c21 cm. |
||
| 490 | 1 |
_aEsta hora ; _v1 |
|
| 504 | _aBibliografía: p. 597-598. | ||
| 651 | 4 |
_aÁfrica- _xPolítica y gobierno _97597 |
|
| 651 | 4 |
_aÁfrica- _xPolítica exterior. _9171740 |
|
| 710 | 2 |
_aCuadernos para el Diálogo. _93333 |
|
| 830 | 1 |
_aEsta hora ; _v1 _9184815 |
|
| 852 |
_aES-MaACL _jC-35022 |
||
| 999 |
_c103825 _d103825 |
||